Normal view
MARC view
- دراسة وتقديم الزبيدي، سعيد جاسم
Entry Personal Name
001 - CONTROL NUMBER
- control field: 35501
003 - CONTROL NUMBER IDENTIFIER
- control field: JO-AjAnu
005 - DATE AND TIME OF LATEST TRANSACTION
- control field: 20230606075933.0
008 - FIXED-LENGTH DATA ELEMENTS
- fixed length control field: 230606|| aca||aabn | a|a d
040 ## - CATALOGING SOURCE
- Original cataloging agency: JO-AjAnu
- Transcribing agency: JO-AjAnu
100 ## - HEADING--PERSONAL NAME
- Personal name: دراسة وتقديم الزبيدي، سعيد جاسم
670 ## - SOURCE DATA FOUND
- Source citation: Work cat.: (JO-AjAnu)18232: دراسة وتقديم الزبيدي، سعيد جاسم, author, نحوي مجهول في القرن العشرين: الشيخ يوسف كركوش (1906م - 1990) وكتابه رأي في الإعراب